LEADER 00918nam a2200217 i 4500 001 000000132521 003 CaOOAMICUS 005 20070503000000.0 008 070503s1940 it u000 u ita u 013 $a105479 040 $aSeMil$bita 100 1 $aGremigni, Vincenzo Gilla,$c.$0(OLS)http://semarc/name/37290 245 13$aIl santo curato d'Ars /$cP. Gilla Gremigni m.S.C. parroco del S. Cuore del Suffragio. 260 $aFirenze :$bSalani,$c1940. 300 $a330 p., [8] c. di tav. , 17 cm. 600 14$aVianney, Jean-Marie Baptiste .$0(OLS)http://semarc/subject/2781 850 $aSeMil 852 $aSeMil$W1$xVenegono$y1$m3H I 423$j86429$B86429$CSeMilBibl$Z2$F124843 $81 961 $aLascito: Chierichetti mons. Giovanni 996 $6245$aIl santo curato d'Ars$9(OLS)http://semarc/title/194618 996 $6260$aFirenze :$bSalani$9(OLS)http://semarc/publisher/30185 LEADER 01161nam a2200253 i 4500 001 000000056355 003 CaOOAMICUS 005 20121026000000.0 008 121026s1985 it u000 u ita u 013 $a27527 040 $aSeMil$bita 100 1 $aGarancini, Gianfranco.$0(OLS)http://semarc/name/6563 245 10$aUomini e territorio :$bcomunità cristiane e istituzioni negli anni ottanta /$cGianfranco Garancini ; presentazione di Franco Peradotto. 260 $aAssisi :$bCittadella,$ccopyr. 1985. 300 $a319 p. ;$c19 cm. 490 0 $aComunità cristiana: linee emergenti 650 4$aChiesa - Italia.$0(OLS)http://semarc/subject/5888 700 1 $aPeradotto, Franco .$0(OLS)http://semarc/name/28505 830 0$aComunità cristiana: linee emergenti.$0(OLS)http://semarc/title/11284 850 $aSeMil 852 $aSeMil$W1$xVenegono$y1$m2J I 148$j22509$B22509$CSeMilBibl$Z2$F22511 $81 961 $aOmaggio: Deposito 996 $6245$aUomini e territorio :$bcomunità cristiane e istituzioni negli anni ottanta$9(OLS)http://semarc/title/87592 996 $6260$aAssisi :$bCittadella$9(OLS)http://semarc/publisher/29661